| 000 | 01299cam a22003491i 4500 | ||
|---|---|---|---|
| 003 | SA-RiAUC | ||
| 005 | 20251005123757.0 | ||
| 008 | 251002s1992 le g b 00000 ara c | ||
| 020 | _a1855169045 | ||
| 035 | _aAG-0306-00026011 | ||
| 040 |
_aSA-RiAUC _bara _cSA-RiAUC _erda |
||
| 041 | 1 |
_aara _heng |
|
| 050 | 4 | _b.B47125 1992 | |
| 082 | 0 | 4 |
_a323.4401 _qSA-RiAUC |
| 090 |
_a323.4401 _bب ر ل |
||
| 100 | 1 |
_aبرلين، إيسيا، _d1909-1997 _eمؤلف. |
|
| 240 | 1 | 0 |
_aTwo concepts of liberty. _lArabic |
| 245 | 1 | 0 |
_aحدود الحرية / _cإيزايا برلين ؛ ترجمة جمانا الطالب. |
| 250 | _aالطبعة الأولى. | ||
| 264 | 1 |
_aبيروت : _bدار الساقي، _c1992 |
|
| 300 |
_a91 صفحة ؛ _c21 سم. |
||
| 336 |
_aنص _btxt _2rdacontent _3كتاب |
||
| 337 |
_aبدون وسيط _bn _2rdamedia |
||
| 338 |
_aمجلد _bnc _2rdacarrier |
||
| 490 | 1 | _aالفكر الغربي الحديث | |
| 504 | _aيشتمل على إرجاعات ببليوجرافية. | ||
| 650 | 7 |
_aالحرية _xفلسفة _2aucsh |
|
| 700 | 1 |
_aالطالب، جمانا _eمترجم. |
|
| 700 | 1 | 2 |
_iترجمة لـ : _aبرلين، إيسيا، _d1909-1997. _tTwo concepts of liberty |
| 942 |
_2ddc _cBOOK _n0 |
||
| 949 |
_aSA-JeALM _d251002 _umohamedma123 _n1 |
||
| 999 |
_c12392 _d12392 |
||